01270nab a22002297a 4500999001500000003000400015005001700019008004100036040000700077100003700084245009100121300001500212500003600227505034700263505013700610650002800747650003600775650002500811650003500836773015600871942001301027 c5759d5759OSt20260105145727.0190514b xxu||||| |||| 00| 0 spa d cPJ 96673aAuberge, Julieta Michelle 10aUna sentencia logra "ver" con perspectiva en discapacidad /cJulieta Michelle Auberge. ap. 142-147 aCita: TR LALEY AR/DOC/881/2025. aSumario: I. Breve reseña de la situación planteada y su resolución.— II. El modelo social de la discapacidad como eje de la sentencia en análisis.— III. La noción de igualdad inclusiva.— IV. Accesibilidad universal y ajustes razonables.— V. Cuestiones probatorias en el contexto de la discriminación.— VI. Conclusión.  tFallo comentado: SC Mendoza, sala II ~ 10/10/2024 ~ M. S. M. c. Municipalidad de Luján de Cuyo s/ acción procesal administrativa 09967aDERECHO DE FAMILIA 093271aPERSONAS CON DISCAPACIDAD 091576aDISCRIMINACION 091057aJURISPRUDENCIA APLICABLE0 0284493222dBuenos Aires : AbeledoPerrot, 1989-tDerecho de familia. Revista Interdisciplinaria de doctrina y jurisprudencia. Junio 2025-III.z18511201 2udccANA